| 000 | 01669nam0a2200349 4500 | ||
|---|---|---|---|
| 001 | RU\NLR\BIBL_A\022085654 | ||
| 005 | 20231214150238.0 | ||
| 010 |
_a978-5-389-14095-0 _95000 |
||
| 021 |
_aRU _bКН-П-23-068157 _9КН-П-23-6924 |
||
| 035 | _a(NLR Aleph) 022085654 | ||
| 035 | _a(RuMoRGB)012254894 | ||
| 090 |
_a12702065 _c12702065 |
||
| 100 | _a20231201d2023 u y0rusy50 ca | ||
| 101 | 0 | _arus | |
| 102 | _aRU | ||
| 105 | _ay z 000ay | ||
| 181 | 0 |
_ai _baxxe |
|
| 182 | 0 | _an | |
| 200 | 1 |
_aБедная Лиза _e[повести, стихотворения, статьи] _fНиколай Карамзин |
|
| 203 |
_aТекст _bвизуальный _cнепосредственный |
||
| 210 |
_aСанкт-Петербург _cАзбука _cАзбука-Аттикус _d2023 |
||
| 215 |
_a413 с. _d21 |
||
| 225 | 1 | _aМировая классика | |
| 327 | 1 | _aСодерж.: повести: Беная Лиза; Наталья, боярская дочь; Остров Борнгольм; Сиерра-Морена; Марфа-Посадница, или Покорение Новагорода; Моя исповедь. Письмо к издателю журнала; Чувствительный и холодный. Два характера; Рыцарь нашего времени; Стихотворения; Статьи | |
| 333 | _a12+ | ||
| 686 | 2 | _aШ6(2=Р)51я44 | |
| 700 | 1 |
_7ca _8rus _aКарамзин _bН. М. _f1766-1826 _gНиколай Михайлович _9113439 _3RU\NLR\AUTH\773443 |
|
| 942 | _cBOOK | ||
| 980 | _aNB | ||